000 00320 a2200169 4500
001 186557
020 _a
040 _cMagnum
100 _aAragao, Cristina
240 1 0 _aIlerê
_lpor
245 1 0 _aIlerê
300 _a33
362 0 _a1992
440 1 _aBagaço
697 _aLITERATURA INFANTIL
942 _cBK
999 _c186557
_d186557